• 首页
  • 本馆介绍
  • 公告通知
  • 最新文献
  • 馆藏检索
  • 电子资源
  • 读者导购
  • 参考咨询
  • 我的图书馆
  • 登录
  • 详细信息显示
  • 放入我的书架
  • 预约/预借图书
  • 作者相关作品
  • 分类相关作品
  • 丛书相关作品
  • 出版社相关作品

书目信息

  • 表格格式
  • 工作单格式
  • 卡片格式
题名:
教师群体专业化成长新视野
    
 
作者: 杨仙萍 , 刘堤仿 著
分册:  
出版信息: 北京   国家行政学院出版社  2013.1
页数: 233页
开本: 24cm
丛书名: 当代中国学术文库
单 册:
中图分类: G451.2
科图分类:
主题词: 师资培养--研究
电子资源:
ISBN: 978-7-5150-0460-0
000 00985oam2 2200277 45
001 1360533343
005 20130603085005.18
010    @a978-7-5150-0460-0@dCNY43.00
100    @a20130513d2013 em y0chiy0121 ea
101 0  @achi
102    @aCN@b110000
105    @aak a 000yy
106    @ar
200 1  @a教师群体专业化成长新视野@AJiao Shi Qun Ti Zhuan Ye Hua Cheng Chang Xin Shi Ye@f刘堤仿, 杨仙萍著@FLiu Di Fang , Yang Xian Ping Zhu
210    @a北京@c国家行政学院出版社@d2013.1
215    @a233页@c图@d24cm
225 2  @a当代中国学术文库
320    @a有书目 (第231-233页)
330    @a本书共分六章, 内容包括: 教师群体专业成长的生成理论、教师群体专业成长的自主实现、教师群体专业成长的平台构建、教师群体专业成长的培训机制等。
461  0 @12001 @a当代中国学术文库
606 0  @a师资培养@x研究
690    @aG451.2@v5
701  0 @a杨仙萍@AYang Xian Ping@4著
701  0 @a刘堤仿@ALiu Di Fang@4著
801    @aCN@bTANGWEI@c20130522
905    @b0834876-81@dG451.2@e120@f6
    
    教师群体专业化成长新视野/刘堤仿, 杨仙萍著.-北京:国家行政学院出版社,2013.1
    233页:图;24cm.-(当代中国学术文库)
    
    
    ISBN 978-7-5150-0460-0:CNY43.00
    本书共分六章, 内容包括: 教师群体专业成长的生成理论、教师群体专业成长的自主实现、教师群体专业成长的平台构建、教师群体专业成长的培训机制等。
●
相关链接 在E读中查询图书 在五车中查询图书 在当当中查询图书 在豆瓣中查询图书


正题名:教师群体专业化成长新视野     索取号:G451.2/120         预约/预借

序号 登录号 条形码 馆藏地/架位号 状态 备注
1 0834876   208348769   第一样本阅览室/ [索取号:G451.2/120] 在馆    
2 0834877   208348778   教育系资料室/ [索取号:G451.2/120] 在馆    
3 0834878   208348787   教育系资料室/ [索取号:G451.2/120] 在馆    
4 0834879   208348796   教育系资料室/ [索取号:G451.2/120] 在馆    
5 0834880   208348803   第四借阅区/ [索取号:G451.2/120] 在馆    
6 0834881   208348812   第四借阅区/ [索取号:G451.2/120] 在馆    
欢迎您!
大连网信软件有限公司© 版权所有